| 000 | 00367nam a2200109Ia 4500 | ||
|---|---|---|---|
| 008 | 220216s9999 xx 000 0 und d | ||
| 245 | 0 | _aDr.Stephen V Evans Secretary General International Rubber Study Group(IRSG) in an interview with M Noorani | |
| 260 |
_bInternational Rubber journal _c2013 |
||
| 300 | _a12-Oct | ||
| 650 | _aInternational Rubber Study | ||
| 942 | _cJS | ||
| 999 |
_c57363 _d57363 |
||